Nový Jičín /

Hlavní autor: Zezulčík, Jaroslav, 1962-
Další autoři: Šmitke, Ladislav
Jazyk: Čeština
Vydáno: Ostrava : Repronis, 1997
Vydání: 1. vyd.
Témata:
Fyzický popis: 97 s. : barev. il. ; 30 cm + 1 cizojaz. resumé (8 s. ; 29 cm).
Knihy
Uloženo v:
LEADER 01112nam a2200313 a 4500
001 000234626
003 CZ BrMZK
005 20210421085853.0
007 ta
008 960815s1997 xr e 0 cze d
015 |a cnb000188402 
020 |a 80-902142-1-5 
035 |a (OCoLC)37251945 
040 |a BOA001  |b cze 
043 |a e-xr---  |b e-xr-mo  |2 czenas 
072 7 |a 908(437)  |x Vlastivěda Česka a Slovenska  |2 Konspekt  |9 8 
080 |a 908(437.326)  |2 MRF 
080 |a (084.12)  |2 MRF 
100 1 |a Zezulčík, Jaroslav,  |d 1962-  |7 mzk2004261027  |4 aut 
245 1 0 |a Nový Jičín /  |c [text: Jaroslav Zezulčík ; foto: Ladislav Šmitke] 
250 |a 1. vyd. 
260 |a Ostrava :  |b Repronis,  |c 1997 
300 |a 97 s. :  |b barev. il. ;  |c 30 cm +  |e 1 cizojaz. resumé (8 s. ; 29 cm). 
651 7 |a Nový Jičín (Česko)  |7 ge130246  |x vlastivěda  |2 czenas 
655 7 |a fotografické publikace  |7 fd132276  |2 czenas 
700 1 |a Šmitke, Ladislav  |7 jx20051206010  |4 pht 
910 |a BOA001  |b 4-1037.596 
990 |a BK 
996 6 |b 2610059247  |c 4-1037.596  |l MZK  |r Sklad / do 1 hodiny  |n 15  |p p.v.  |w 000234626  |u 000010  |a 1  |e BOA001  |j MZK50  |s P